[Event "88th GER-ch Men 2017"]
[Site "Apolda"]
[Date "2017.06.24"]
[Round "2"]
[White "Svane, Rasmus"]
[Black "Langheinrich, Ferenc"]
[Result "1/2-1/2"]
[WhiteElo "2577"]
[BlackElo "2363"]
[Annotator "TA"]
[PlyCount "80"]
[EventDate "2017.??.??"]
[EventType "swiss"]
[EventCountry "GER"]
[SourceTitle "playchess.com"]
[Source "ChessBase"]
[SourceQuality "1"]

{[%evp 23,80,40,44,34,38,30,40,32,37,19,25,32,20,18,40,47,47,43,39,34,47,51,54,26,25,6,24,0,6,0,0,0,0,0,0,0,0,0,0,0,0,-32,0,-5,0,-16,0,-42,-47,-46,-49,-44,0,-20,0,-39,0,-27,0]} 1. d4 Nf6 2. Nf3 e6 3. c4 d5 4. Nc3 Bb4 5. cxd5 exd5 6. Bg5 c5 7. dxc5 Nbd7 {[%cal Bb8d7,Bd7c5,Bc5e4][%mdl 32]} 8. Rc1 Nxc5 {D38: Queen's Gambit Declined: Ragozin Defence (4 Nf3 Bb4)} (8... Qa5 9. a3 Bxc3+ 10. Rxc3 Ne4 11. Bd2 Ndxc5 12. Rc1 Nxd2 13. Qxd2 Qxd2+ 14. Nxd2 Ne6 15. g3 b6 16. Bg2 Bb7 17. Nb3 {½-½ (17) Bukavshin,I (2522)-Korobov,A (2702) Moscow 2013}) 9. Qd4 Bxc3+ 10. Qxc3 Nce4 11. Bxf6 Qxf6 12. Qxf6 Nxf6 {LiveBook: 8 Games} 13. e3 Ke7 $146 ({Predecessor:} 13... Bd7 14. Bd3 O-O 15. Nd4 Rac8 16. Kd2 {1-0 (46) Kirwald,F (2328)-Ganz,H (2275) Remote email 2014}) 14. Bb5 a6 15. Ba4 b5 16. Bb3 Be6 17. Ke2 Rhc8 18. Nd4 Rxc1 19. Rxc1 Rc8 20. Rxc8 Bxc8 $14 {[%mdl 4096] Endgame KBN-KBN} 21. f3 h5 22. Kd3 Kd6 23. Ne2 Kc5 24. Kd2 a5 25. Bc2 b4 26. Nd4 Bd7 27. Bd3 g6 28. Be2 Ne8 29. b3 Nc7 30. Bd3 Ne6 31. Ne2 Kd6 32. h3 Nc5 33. Nd4 Ne6 34. Nc2 Nc5 35. Be2 h4 36. Nd4 Ne6 37. Nc2 Nc5 38. Nd4 Ne6 39. Nc2 $1 Nc5 40. Nd4 Ne6 {Precision: White = 29%, Black = 47%.} 1/2-1/2

[Event "88th GER-ch Men 2017"]
[Site "Apolda"]
[Date "2017.06.24"]
[Round "2"]
[White "Kollars, Dmitrij"]
[Black "Fuchs, Florian"]
[Result "1-0"]
[WhiteElo "2511"]
[BlackElo "2335"]
[Annotator "TA"]
[PlyCount "105"]
[EventDate "2017.??.??"]
[EventType "swiss"]
[EventCountry "GER"]
[SourceTitle "playchess.com"]
[Source "ChessBase"]
[SourceQuality "1"]

{[%evp 19,105,33,33,33,37,30,28,28,31,26,30,8,21,23,31,35,45,37,49,56,119,22,55,38,32,25,21,21,21,22,22,20,26,20,36,0,0,8,16,0,0,0,69,53,42,50,46,0,8,0,30,12,154,0,0,2,119,105,105,101,103,120,234,250,243,177,333,315,392,240,437,489,450,485,467,450,426,417,497,485,687,694,754,736,1016,950,29984,29985]} 1. e4 e5 2. Nf3 Nc6 3. Bc4 Nf6 4. d3 Be7 5. O-O O-O 6. Re1 d6 7. a4 Na5 8. Ba2 {C55: Two Knights: 4 d3, 4 d4 exd4 5 e5 and Max Lange Attack} c5 9. c3 (9. Nbd2 Be6 10. Bxe6 fxe6 11. c3 Nc6 12. Nf1 Ne8 13. Ng3 Nc7 14. Bd2 a6 15. Qe2 Qd7 {1-0 (39) Carlsen,M (2840)-Pavasovic,D (2548) chess.com INT 2017}) 9... Nc6 10. Na3 a6 {LiveBook: 8 Games} 11. Bg5 h6 $146 ({Predecessor:} 11... Rb8 12. Nc2 h6 13. Bh4 Nh5 14. Bxe7 Qxe7 {1-0 (61) Van Foreest,J (2584)-Batchimeg,T (2394) Reykjavik 2017}) 12. Bxf6 Bxf6 13. Nc4 Rb8 14. Ne3 g6 15. Nd2 Bg7 16. Bd5 Ne7 17. a5 Kh7 18. Nec4 Nxd5 19. exd5 f5 ({Black should try} 19... Qc7 $14) 20. Rb1 (20. f4 $1 $16) 20... Qc7 21. Nb6 (21. f4 $5) 21... Bd7 22. Nxd7 (22. f4 $5) 22... Qxd7 23. Nc4 Qf7 24. Qf3 Qc7 25. h3 Rbe8 26. Qd1 Rd8 27. Qc2 Qf7 28. Nb6 g5 29. b4 cxb4 30. Rxb4 Qg6 (30... h5 $11) 31. Reb1 Rf7 32. Qe2 h5 33. f3 {[%cal Bf2f3,Bf3e4,Be4f5][%mdl 32]} (33. Nc4 $5 {[%cal Rb4b7]}) 33... e4 34. fxe4 Bxc3 35. exf5 Qh6 {[#]} (35... Rxf5 $11 {remains equal.} 36. Re4 (36. Qe7+ Qg7 $11) 36... Kg8) 36. R4b3 $2 ({White should play} 36. Re4 $1 $16) 36... Bd4+ $11 37. Kh1 {And now Rb4 would win.} Kg7 (37... g4 $1 $11) 38. Nc4 {[%cal Bb6c4,Bc4d2,Bd2e4][%mdl 32]} Rdd7 39. Nd2 g4 40. Ne4 Qe3 {[#]} (40... Rc7 $16) 41. Qxe3 $1 $18 Bxe3 42. Re1 $36 {[%mdl 2048] Black is under strong pressure.} Bf4 $2 (42... Bd4) 43. Rf1 Be3 44. d4 Bh6 $2 (44... Bxd4 45. Ng5 Kf6 46. Nxf7 Rxf7) 45. hxg4 hxg4 46. Rg3 Kf8 47. Rxg4 Be3 {( -> ...Rh7+)} 48. g3 Rh7+ 49. Kg2 Rc7 (49... Rh6 $142 50. Rd1 Rc7) 50. Kf3 Bxd4 51. Ng5 Rc3+ 52. Ke4 Rhc7 53. Ne6+ {Precision: White = 73%, Black = 25%.} 1-0

[Event "88th GER-ch Men 2017"]
[Site "Apolda"]
[Date "2017.06.24"]
[Round "2"]
[White "Tischbierek, Raj"]
[Black "Schulz, Karsten"]
[Result "1-0"]
[WhiteElo "2450"]
[BlackElo "2264"]
[Annotator "TA"]
[PlyCount "81"]
[EventDate "2017.??.??"]
[EventType "swiss"]
[EventCountry "GER"]
[SourceTitle "playchess.com"]
[Source "ChessBase"]
[SourceQuality "1"]

{[%evp 11,81,25,36,11,25,18,33,29,32,29,39,0,25,0,0,0,4,0,0,0,0,0,0,-8,0,0,0,0,0,0,0,0,0,0,-7,-2,0,-22,-19,-7,0,0,0,-23,0,11,18,24,9,14,18,19,101,33,85,81,288,265,325,362,902,224,550,554,519,312,959,954,29984,1008,29985,943]} 1. e4 d6 2. d4 Nf6 3. Nc3 e5 4. Nf3 exd4 5. Nxd4 Be7 6. Be2 O-O 7. Bf4 {C41: Philidor Defence} Nc6 8. Qd2 a6 9. O-O-O {White is slightly better.} Nxd4 10. Qxd4 Be6 11. Kb1 b5 {[%cal Bb7b5,Bb5b4][%mdl 32]} 12. h4 $146 ({Predecessor:} 12. Rhe1 c5 13. Qe3 Qa5 14. g4 Rfe8 15. g5 b4 16. Nd5 Bxd5 17. exd5 Nxd5 18. Rxd5 Bxg5 19. Rxg5 Rxe3 20. Bxe3 {0-1 (33) Blomqvist,E (2525)-Pohjala,H (2408) Sweden 2015}) 12... c5 13. Qe3 {Bxd6! is the strong threat.} b4 14. Nd5 Nxd5 15. exd5 Bd7 16. Rde1 Re8 17. Qg3 Bb5 18. Bf3 Qc7 19. Be4 Bf8 20. h5 Qd7 21. Bc1 f5 22. Bf3 Rxe1 23. Rxe1 Re8 24. Rh1 a5 25. Qf4 Qf7 26. g4 Re5 27. Rd1 Bd7 {[#] White must now prevent ...fxg4.} 28. g5 Re8 29. g6 Qf6 30. gxh7+ Kxh7 31. Rg1 $36 {[%mdl 2048] White has some pressure.} Re5 (31... a4 $11) 32. b3 (32. Qg3 $16) 32... Qe7 (32... Re8 $1 $14) 33. Qd2 $16 c4 $2 {[#]} (33... Qh4 $16 {was necessary.}) 34. bxc4 $18 Qh4 35. Bb2 Re7 $2 (35... Re8 36. Rh1 Qe7) 36. Bd4 $2 (36. Rh1 Qxc4 37. Qg5) 36... f4 $2 (36... Rf7 {is tougher.} 37. h6 g6) 37. Qd3+ Kg8 38. h6 Rf7 $2 (38... Qxh6 39. Rh1 Qxh1+ 40. Bxh1 Re1+ 41. Kb2 a4) 39. Be4 f3 40. Bh7+ Kh8 41. hxg7+ {Precision: White = 57%, Black = 37%.} (41. Qg6 $142 Qe7 42. Qh5 Rf6 43. hxg7+ Bxg7 44. Bf5+ Kg8 45. Qh7+ Kf8 46. Bxd7) 1-0

[Event "88th GER-ch Men 2017"]
[Site "Apolda"]
[Date "2017.06.24"]
[Round "2"]
[White "Jugelt, Tobias"]
[Black "Rehberg, Raphael"]
[Result "1-0"]
[WhiteElo "2431"]
[BlackElo "2264"]
[Annotator "TA"]
[PlyCount "119"]
[EventDate "2017.??.??"]
[EventType "swiss"]
[EventCountry "GER"]
[SourceTitle "playchess.com"]
[Source "ChessBase"]
[SourceQuality "1"]

{[%evp 10,119,18,18,22,18,52,33,97,86,111,113,129,114,189,113,116,128,121,109,100,60,104,89,96,96,96,88,96,96,96,89,96,96,96,88,90,89,89,97,93,96,108,60,58,61,71,80,118,102,103,102,102,100,103,103,101,75,265,265,291,287,519,502,499,502,488,463,468,459,396,446,492,305,335,318,365,366,344,335,355,337,355,362,362,360,366,363,364,363,363,363,359,323,421,405,464,464,439,402,477,498,503,475,654,622,722,697,736,732,843,827]} 1. b3 d5 2. Bb2 c5 3. e3 Nc6 4. f4 Nf6 5. Nf3 a6 6. Ne5 {LiveBook: 5 Games. A03: Bird's Opening with 1...d5} (6. g3 g6 7. Bg2 Bg7 8. O-O d4 9. exd4 Nd5 10. Nc3 Bg4 11. Nxd5 Qxd5 12. Ne5 Qxg2+ 13. Kxg2 Bxd1 14. Raxd1 Nxd4 {1-0 (41) Bacrot,E (2720)-Gundavaa,B (2501) Dubai 2014}) 6... Qc7 7. Be2 Nd7 $146 {[%cal Rd7e5]} ({Predecessor:} 7... g6 8. Bf3 Bg7 9. Nc3 Be6 10. Na4 b6 11. c4 Rd8 12. Nxc6 Qxc6 13. Rc1 O-O {½-½ (24) Chernyshov,K (2534)-Simantsev,M (2526) Olomouc 2012}) 8. Nxc6 {White is slightly better.} Qxc6 (8... bxc6 $14 9. c4 e5) 9. Bf3 $16 Qd6 10. O-O e5 11. d3 f6 (11... exf4 $16 12. exf4 d4 13. Re1+ Be7) 12. Nc3 (12. Qe2 $18) 12... Nb6 13. fxe5 fxe5 14. a4 {[%cal Ba2a4,Ba4a5][%mdl 32] [#] Threatens to win with a5.} Be6 15. Ba3 Qc6 16. Bg4 O-O-O 17. a5 Nd7 18. e4 d4 19. Bxe6 Qxe6 20. Nd5 {[%cal Bc3d5,Bd5b6,Bb6c4][%mdl 32]} Nf6 {[#]} 21. Nb6+ $1 Kb8 22. Qf3 Bd6 23. Nc4 Rhf8 24. Qf5 Qe7 25. Qg5 Nd7 26. Qh5 g6 27. Qh6 Rxf1+ 28. Rxf1 Bc7 29. Bc1 {Hoping for Bg5.} Rf8 30. Rxf8+ Nxf8 31. Bg5 Qf7 32. Qh4 Nd7 33. Be7 $36 {[%mdl 2048] White has strong initiative.} h6 $2 (33... h5 $16) 34. Bd6 $18 {Threatening mate with Qd8+.} Kc8 35. Qxh6 Qg8 $2 (35... Qf6) 36. Bxc7 Kxc7 37. Qg5 Qe6 38. g3 Kc6 39. Kg2 Kb5 40. h4 Kb4 41. Qc1 {White wants to mate with Qa3+.} Kb5 42. Qd1 Nf6 43. Qa1 {[%csl Gb3][%cal Ra1a4]} Kc6 44. Qc1 Kb5 45. Qg5 Ng4 46. Qd8 {Strongly threatening Nd6+.} Kb4 {intending ...Qf7.} 47. Qb6+ Qxb6 48. axb6 {[%mdl 4096] Endgame KN-KN} Kb5 49. Kf3 Nh2+ 50. Ke2 Ng4 51. Kd2 Kc6 52. Kc1 Kb5 53. Kb2 Kc6 54. Ka2 Kb5 55. Ka3 {White is clearly winning.} a5 56. Kb2 Ka6 {If Black can now play ...Kb5 this consolidates a bit.} 57. Ka2 Kb5 58. Ka3 Ne3 59. Nxe5 Nxc2+ 60. Kb2 {Precision: White = 88%, Black = 51%.} 1-0

[Event "88th GER-ch Men 2017"]
[Site "Apolda"]
[Date "2017.06.24"]
[Round "2"]
[White "Keymer, Vincent"]
[Black "Miller, Eduard"]
[Result "1-0"]
[WhiteElo "2411"]
[BlackElo "2319"]
[Annotator "TA"]
[PlyCount "63"]
[EventDate "2017.??.??"]
[EventType "swiss"]
[EventCountry "GER"]
[SourceTitle "playchess.com"]
[Source "ChessBase"]
[SourceQuality "1"]

{[%evp 20,63,31,23,63,62,74,69,71,71,72,75,200,202,200,213,277,274,271,252,316,286,309,254,256,256,251,226,233,188,174,141,244,249,251,247,260,270,278,285,272,266,270,242,573,562]} 1. d4 Nf6 2. c4 e5 3. dxe5 Ng4 4. Nf3 Nc6 5. e3 Ngxe5 6. Nxe5 Nxe5 7. Nc3 d6 8. Be2 g6 9. b3 Bg7 10. Bb2 O-O 11. O-O Qh4 {E60: King's Indian: Unusual lines and Fianchetto Variation without Nc3} (11... h5 12. Qd2 Re8 13. Rad1 Be6 14. f4 Nd7 15. h3 Bf5 16. e4 Bxe4 17. Nxe4 Bxb2 18. Nxd6 cxd6 19. Qxb2 {1-0 (39) Chernyshov,K (2503)-Atabayev,S (2359) Budapest 2016}) 12. Qd2 c6 13. f4 Ng4 {White is slightly better.} 14. Bxg4 Bxg4 15. Ne4 Bxb2 $146 (15... Rfe8 $16 16. Bxg7 (16. Nxd6 Bxb2 17. Qxb2 Rxe3 $14) 16... Rxe4) ({Predecessor:} 15... d5 16. Bxg7 Kxg7 17. cxd5 cxd5 18. Qxd5 Rad8 19. Qe5+ f6 20. Qe7+ Kg8 21. g3 Qh3 22. Nxf6+ Kh8 23. Qe5 Rf7 24. Nxg4+ Kg8 25. Nf2 {1-0 (26) Flohr,S-Buskenstrom,S Stockholm 1962}) 16. Qxb2 $18 f5 17. Nxd6 Qe7 18. Qe5 Qxe5 19. fxe5 Rad8 20. h3 Bh5 21. Rf2 Rd7 22. Raf1 Rfd8 23. e4 Re7 24. exf5 {[#] Hoping for g4.} Rxe5 25. c5 {g4 is the strong threat.} g5 (25... gxf5 $16 26. Rxf5 (26. Nxb7 Rd7 $16) 26... Rxf5 27. Rxf5 Bg6) 26. Nxb7 Rd4 27. f6 Bf7 28. Rf5 Rdd5 29. Rxe5 Rxe5 30. Rf2 h5 31. b4 Kh7 $2 {[#]} (31... a6 32. Nd6 Kf8) 32. Nd8 {Precision: White = 91%, Black = 35%.} 1-0

[Event "88th GER-ch Men 2017"]
[Site "Apolda"]
[Date "2017.06.24"]
[Round "2"]
[White "Telljohan, Sven"]
[Black "Huschenbeth, Niclas"]
[Result "0-1"]
[WhiteElo "2404"]
[BlackElo "2586"]
[Annotator "TA"]
[PlyCount "58"]
[EventDate "2017.??.??"]
[EventType "swiss"]
[EventCountry "GER"]
[SourceTitle "playchess.com"]
[Source "ChessBase"]
[SourceQuality "1"]

{[%evp 21,58,-50,-49,-53,-35,-39,-57,-48,-26,-46,-25,-56,-59,-49,-33,-85,-88,-68,-84,-103,-103,-135,-126,-137,-139,-145,-143,-145,-139,-145,-136,-256,-267,-308,-308,-295,-289,-608,-567]} 1. Nf3 c5 2. c4 Nc6 3. g3 g6 4. Bg2 Bg7 5. O-O e6 6. d3 Nge7 7. Nc3 O-O 8. Bd2 d5 9. Qc1 b6 {A37: Symmetrical English vs ...g6: 4 Bg2 Bg7 5 Nf3} 10. Bh6 d4 (10... Bb7 11. Bxg7 Kxg7 12. cxd5 Nxd5 13. Nxd5 Qxd5 14. Qc3+ Kg8 15. Rfe1 Qd7 16. e3 Rad8 17. Rad1 Qe7 18. a3 Rd7 19. h4 Rfd8 20. Ng5 f6 {½-½ (58) Dubov,D (2624)-Korobov,A (2720) Tromsoe 2013}) 11. Bxg7 Kxg7 {LiveBook: 4 Games. Black is slightly better.} 12. Nb1 Qd6 $146 ({Predecessor:} 12... f6 13. Nbd2 e5 14. a3 a5 15. Ne1 Bg4 16. Ndf3 {0-1 (42) Gamayev,O (2238)-Drori,S (2318) Tiberias 2016}) 13. Qf4 Qxf4 14. gxf4 Rb8 15. Na3 Bd7 16. Rfc1 Nf5 17. Nc2 {[#]} e5 $1 {[%mdl 512]} 18. Nxe5 (18. fxe5 $15 Rfe8 19. b4) 18... Nxe5 $17 19. fxe5 Rbe8 $36 {[%mdl 2048] Black is on the roll.} 20. f4 f6 21. Rf1 fxe5 22. fxe5 Rxe5 23. Rf2 Rfe8 24. Be4 Nd6 25. Bf3 Bh3 26. Rd1 (26. Re1 $17 {was worth a try.}) 26... Rf8 27. Re1 Rg5+ 28. Kh1 Nf5 29. Bg2 $2 {[#]} (29. Na3) 29... Ne3 {Precision: White = 20%, Black = 53%.} 0-1

[Event "88th GER-ch Men 2017"]
[Site "Apolda"]
[Date "2017.06.24"]
[Round "2"]
[White "Zude, Arno"]
[Black "Donchenko, Alexander"]
[Result "0-1"]
[WhiteElo "2392"]
[BlackElo "2573"]
[Annotator "TA"]
[PlyCount "76"]
[EventDate "2017.??.??"]
[EventType "swiss"]
[EventCountry "GER"]
[SourceTitle "playchess.com"]
[Source "ChessBase"]
[SourceQuality "1"]

{[%evp 11,76,7,28,-4,6,-16,4,-16,-9,-20,-16,-26,-23,-21,-20,-22,-24,-22,-22,-22,-14,-36,-14,-19,-8,-35,-29,-44,-41,-80,-27,-63,-65,-66,-77,-67,-86,-71,-70,-84,-53,-155,-149,-170,-175,-194,-167,-238,-252,-338,-350,-380,-373,-374,-415,-429,-430,-531,-531,-524,-523,-649,-650,-806,-769,-999,-989]} 1. e4 c5 2. Nf3 d6 3. d4 cxd4 4. Nxd4 Nf6 5. Nc3 a6 6. Nb3 Nbd7 {LiveBook: 14 Games. B90: Sicilian Najdorf: Unusual White 6th moves, 6 Be3 Ng4 and 6 Be3 e5} (6... Nc6 7. Be3 e6 8. g4 h6 9. h4 b5 10. Bg2 Ne5 11. g5 Nfd7 12. f4 Nc4 13. Qe2 Nxb2 14. e5 Rb8 {1-0 (39) Vitiugov,N (2724)-Artemiev,V (2655) Moscow 2017}) 7. Be3 b5 8. a3 e6 {The position is equal.} 9. Bd3 Be7 10. O-O Bb7 11. Qe2 $146 ({Predecessor:} 11. Re1 Nc5 12. Nxc5 dxc5 13. f3 O-O 14. Bf1 Qc7 15. Bf2 {0-1 (24) Oliveira,E-Mokgacha,K Gaborone 2011}) 11... O-O 12. f4 Rc8 13. Kh1 Qc7 14. Bg1 Rfe8 15. Rae1 e5 16. Qf3 Kh8 17. Qh3 Nf8 18. Be3 Qd7 19. Qf3 Ng6 20. Rd1 Nh4 ({Better is} 20... d5 $17 {Hoping for ...d4.} 21. fxe5 Nxe5) 21. Qe2 {[#]} Rxc3 $1 {[%mdl 512]} 22. bxc3 Nxe4 23. Bxe4 Bxe4 24. Rf2 Qc6 25. Kg1 Kg8 26. Nd2 (26. c4 $15) 26... Bxc2 $17 {[#] Strongly threatening ...exf4.} 27. Rc1 Bg6 ({Wrong is} 27... Qxc3 $2 28. Nf1 $18) 28. Nf1 Nf5 {Threatens to win with ...Bh4.} 29. Qd2 (29. c4 {was necessary.}) 29... h6 $19 30. a4 bxa4 31. c4 Bd8 32. c5 Nxe3 33. Nxe3 exf4 {Black is clearly winning.} 34. Nd5 dxc5 {[%cal Bd6c5,Bc5d4][%mdl 32]} 35. Nxf4 Be4 36. Rc4 Bf6 37. Re2 Bd4+ 38. Rxd4 cxd4 {Precision: White = 34%, Black = 78%.} 0-1

[Event "88th GER-ch Men 2017"]
[Site "Apolda"]
[Date "2017.06.24"]
[Round "2"]
[White "Schmidt-Schaeffer, Sebastian"]
[Black "Goepfert, Jakob"]
[Result "1/2-1/2"]
[WhiteElo "2380"]
[BlackElo "2099"]
[Annotator "TA"]
[PlyCount "169"]
[EventDate "2017.??.??"]
[EventType "swiss"]
[EventCountry "GER"]
[SourceTitle "playchess.com"]
[Source "ChessBase"]
[SourceQuality "1"]

{[%evp 16,169,0,0,0,-1,0,0,1,0,0,-2,6,-18,134,134,124,149,127,145,204,179,235,227,221,228,222,141,287,184,169,174,189,145,165,141,390,366,360,298,393,389,435,462,450,447,466,458,480,474,420,94,86,105,82,59,154,145,857,76,77,75,78,81,79,59,59,46,50,46,52,46,46,46,46,46,46,46,53,53,53,53,53,49,58,60,60,53,53,53,61,61,66,53,60,45,66,44,45,0,52,45,62,0,69,43,65,52,52,52,52,52,70,52,52,45,50,31,25,13,13,14,13,14,25,25,38,30,49,8,9,9,9,9,15,8,8,8,8,8,8,8,8,8,8,8,8,8,8,8,8,8,8,8,8,8]} 1. d4 Nf6 2. Nf3 c5 3. d5 g6 4. Nc3 Bg7 5. e4 d6 6. h3 O-O 7. Bc4 {A43: Schmid Benoni} (7. Be2 Na6 8. O-O Nc7 9. a4 a6 10. Re1 Rb8 11. a5 Nd7 12. Bf4 b5 13. axb6 Nxb6 14. Qd2 Re8 15. Rad1 Nd7 16. b3 Nb5 17. Na4 Qc7 18. Bf1 {1-0 (80) Aleksandrov,A (2615)-Guseinov,G (2646) Minsk 2015}) 7... b5 8. Nxb5 Nxe4 9. O-O {LiveBook: 7 Games} a6 10. Na3 $1 Nd7 11. Re1 Nef6 12. Bb3 Nb6 13. c4 a5 $146 ({Predecessor:} 13... e6 14. dxe6 Bxe6 {0-1 (49) Virolainen,V (2155)-Karlsson,L (2434) Sweden 2014}) 14. Bd2 Nfxd5 $2 (14... a4 $11 15. Bc2 Ba6) 15. cxd5 $16 a4 16. Bc2 ({Worse is} 16. Bg5 f6 $17) 16... Bxb2 17. Nb5 Bxa1 (17... Ba6 $16) 18. Qxa1 $18 f6 (18... Nxd5 $142 19. Bh6 f6) 19. Bh6 {[%mdl 1024] White has strong compensation.} Rf7 {[#]} 20. Qb1 $1 Kh8 21. Nc3 Bb7 (21... Ra7 $16 {was called for.} 22. Qc1 a3) 22. Be4 Rb8 {intending ...Nxd5.} 23. Qd3 Qe8 24. Nd2 Ra8 25. Qg3 e5 $2 (25... Rb8 $16 26. Rb1 Ba6) 26. dxe6 Qxe6 {[#] Strongly threatening ...d5.} 27. Re3 Bxe4 28. Ndxe4 (28. Ncxe4 Rc7 $18) 28... Qd7 29. Nxd6 Re7 30. Nce4 Nd5 31. Rd3 Qc6 32. Qf3 {Hoping for Rxd5!} f5 33. Ng3 $2 (33. Qd1 $18) 33... Nb4 $16 34. Qxc6 Nxc6 35. Be3 Nb4 (35... Nd4 $14) 36. Rd2 Re5 $2 {[%mdl 8192]} (36... Kg8 $16 37. Ne2 (37. Bxc5 Rb8 $16) 37... Rd8) 37. a3 $2 (37. Nf7+ $18 {and the rest is easy.} Kg8 38. Nxe5) 37... Rd5 38. axb4 Rxd2 39. Bxd2 cxb4 40. Bxb4 {And now Ba3 would win.} a3 41. Bxa3 (41. Nf1 {looks sharper.} a2 42. Bc3+ Kg8 43. f4 Ra4 44. Nd2) 41... Rxa3 42. f3 Ra2 43. Kf1 Kg7 44. Ne2 Kf6 45. g3 Ke6 46. Nb5 Ra1+ 47. Kf2 Kd5 48. Ke3 Ke5 49. h4 Rh1 50. Nbd4 Ra1 51. Nf4 Ra3+ 52. Nd3+ Kf6 53. f4 Rc3 54. Nf3 (54. Kd2 $5 {[%cal Rd2c3]} Ra3 55. Nc2 $16) 54... Rc4 55. Nfe5 Ra4 56. Nd7+ Ke7 57. N7c5 (57. Nb6 $5 {[%cal Rb6a4]} Re4+ 58. Kd2 $14) 57... Rc4 (57... Ra3 $11) 58. Nb3 Rc3 59. Nd4 (59. Na1 $14) 59... Ra3 ({Black should play} 59... Kf6 $11) 60. Nf3 Ra4 61. Ng5 h6 62. Nf3 Re4+ 63. Kf2 Kf6 64. Nde5 Ra4 65. Nd7+ Kg7 66. Nfe5 Ra2+ 67. Kf3 Ra3+ 68. Kg2 Ra2+ 69. Kh3 Rc2 70. Nf3 Rf2 71. Nde5 Ra2 72. h5 g5 $1 {The position is equal.} 73. fxg5 hxg5 74. Nxg5 Kh6 75. Kh4 Ra4+ 76. g4 fxg4 77. Nef7+ Kg7 78. h6+ Kg6 79. h7 Ra8 80. Kg3 Ra3+ 81. Kxg4 Ra4+ 82. Kf3 Rh4 83. h8=R Rxh8 84. Nxh8+ Kxg5 85. Ke4 $1 {Precision: White = 56%, Black = 49%.} 1/2-1/2

[Event "88th GER-ch Men 2017"]
[Site "Apolda"]
[Date "2017.06.24"]
[Round "2"]
[White "Jahncke, Giso"]
[Black "Heinert, Eugen"]
[Result "1-0"]
[WhiteElo "2340"]
[BlackElo "2151"]
[Annotator "NA"]
[PlyCount "87"]
[EventDate "2017.??.??"]
[EventType "swiss"]
[EventCountry "GER"]
[SourceTitle "playchess.com"]
[Source "ChessBase"]
[SourceQuality "1"]
[TimeControl "40/6000+30:3000+30"]

1. c4 {[%emt 0:00:00]} e5 {[%emt 0:01:44]} 2. g3 {[%emt 0:00:00]} Nf6 {[%emt 0:00:06]} 3. Bg2 {[%emt 0:00:10]} Bc5 {[%emt 0:00:07]} 4. Nc3 {[%emt 0:00:44]} c6 {[%emt 0:04:24]} 5. d3 {[%emt 0:16:35]} d5 {[%emt 0:10:37]} 6. cxd5 {[%emt 0:04:33]} cxd5 {[%emt 0:00:25]} 7. Qb3 {[%emt 0:04:10]} Nc6 {[%emt 0:01:20]} 8. Nxd5 {[%emt 0:20:29]} Nd4 {[%emt 0:34:33]} 9. Qc4 {[%emt 0:03:59]} Be6 {[%emt 0:06:20]} 10. Nxf6+ {[%emt 0:02:35]} Qxf6 {[%emt 0:03:57]} 11. Qxc5 {[%emt 0:00:15]} Rc8 {[%emt 0:00:50]} 12. Qxa7 {[%emt 0:00:54]} Nc2+ {[%emt 0:02:45]} 13. Kd1 {[%emt 0:01:04]} Nxa1 {[%emt 0:00:09]} 14. Bxb7 {[%emt 0:00:15]} Qe7 {[%emt 0:13:15]} 15. Qa4+ {[%emt 0:07:05]} Bd7 {[%emt 0:00:48]} 16. Qa5 {[%emt 0:03:32]} Rb8 {[%emt 0:08:25]} 17. b3 {[%emt 0:02:03]} O-O {[%emt 0:02:18]} 18. Ba3 {[%emt 0:02:27]} Qf6 {[%emt 0:01:24]} 19. Bxf8 {[%emt 0:01:31]} Bc6 {[%emt 0:01:15]} 20. Be7 {[%emt 0:04:10]} Qxe7 {[%emt 0:05:22]} 21. Bxc6 {[%emt 0:01:40]} Qd6 {[%emt 0:00:02]} 22. Qc3 {[%emt 0:10:21]} Rc8 {[%emt 0:00:53]} 23. Nf3 {[%emt 0:00:53]} Rxc6 {[%emt 0:08:15]} 24. Qxe5 {[%emt 0:00:16]} Qxe5 {[%emt 0:00:25]} 25. Nxe5 {[%emt 0:00:06]} Rc2 {[%emt 0:00:01]} 26. f4 {[%emt 0:10:20]} Rb2 {[%emt 0:02:59]} 27. Kc1 {[%emt 0:01:59]} Rxe2 {[%emt 0:00:02]} 28. Kb1 {[%emt 0:01:03]} Nc2 {[%emt 0:00:02]} 29. Rc1 {[%emt 0:06:29]} Na3+ {[%emt 0:00:01]} 30. Ka1 {[%emt 0:00:05]} g6 {[%emt 0:02:10]} 31. Rc5 {[%emt 0:04:13]} f6 {[%emt 0:00:27]} 32. Nc4 {[%emt 0:00:35]} Nc2+ {[%emt 0:00:03]} 33. Kb2 {[%emt 0:00:41]} Nb4+ {[%emt 0:00:07]} 34. Ka3 {[%emt 0:00:50]} Nxd3 {[%emt 0:00:54]} 35. Rc8+ {[%emt 0:00:09]} Kg7 {[%emt 0:00:01]} 36. Rc7+ {[%emt 0:00:12]} Kh6 {[%emt 0:00:17]} 37. Nb6 {[%emt 0:01:07]} Re6 {[%emt 0:00:40]} 38. Na4 {[%emt 0:00:32]} Re2 {[%emt 0:00:03]} 39. Nc3 {[%emt 0:00:35]} Rxh2 {[%emt 0:00:26]} 40. b4 {[%emt 0:00:37]} Rb2 {[%emt 0:52:06]} 41. Rd7 {[%emt 0:00:31]} Rxb4 {[%emt 0:00:00]} 42. Rxd3 {[%emt 0:00:15]} Rb7 {[%emt 0:00:00]} 43. Ne4 {[%emt 0:03:32]} f5 {[%emt 0:00:00]} 44. Nd6 {[%emt 0:01:08]} 1-0